[Event "?"]
[Site "?"]
[Date "2004.03.28"]
[Round "8.25"]
[White "Jelica, M."]
[Black "Ovod, E."]
[Result "1-0"]
[WhiteElo "2222"]
[BlackElo "2357"]
[PlyCount "77"]
[EventDate "2004.??.??"]

1. e4 e5 2. Nf3 Nc6 3. d4 exd4 4. Nxd4 Bc5 5. Be3 Qf6 6. c3 Nge7 7. Bc4 Ne5 8.
Be2 d6 9. O-O Qg6 10. Kh1 O-O 11. Nd2 d5 12. Bh5 Qd6 13. f4 Bxd4 14. Bxd4 N5c6
15. e5 Qh6 16. Bg1 f6 17. exf6 Qxf6 18. Nb3 Bf5 19. Bf3 Rad8 20. Nd4 Kh8 21.
Qb3 b6 22. Qd1 Bc8 23. Bg4 Nf5 24. Nxf5 Bxf5 25. Bxf5 Qxf5 26. Qd2 Rfe8 27.
Rae1 Re4 28. Rxe4 dxe4 29. Qe2 Qd5 30. Re1 Re8 31. b3 h6 32. h3 Nd8 33. Bd4 Nc6
34. Bf2 Kh7 35. Qg4 Re7 36. f5 Qe5 37. Qg6+ Kg8 38. Qxc6 Qf4 39. Be3 1-0

[Event "?"]
[Site "?"]
[Date "2004.03.28"]
[Round "8.26"]
[White "Hitzgerova, G."]
[Black "Bosboom-Lanchava, T."]
[Result "0-1"]
[WhiteElo "2190"]
[BlackElo "2323"]
[PlyCount "80"]
[EventDate "2004.??.??"]

1. c4 g6 2. Nc3 Bg7 3. g3 f5 4. Bg2 Nf6 5. d3 O-O 6. e3 d6 7. Nge2 c6 8. O-O a5
9. Rb1 e5 10. a3 Be6 11. b3 Qe8 12. f4 exf4 13. gxf4 d5 14. Nd4 Bf7 15. Nce2
Ng4 16. Rf3 c5 17. Nb5 Qe7 18. h3 Nf6 19. Nbc3 Nc6 20. Rf1 Rad8 21. Qc2 d4 22.
exd4 Nxd4 23. Nxd4 Rxd4 24. Nb5 Rd7 25. Bd2 Qe2 26. Rfe1 Qxd3 27. Qxd3 Rxd3 28.
Bxa5 Nh5 29. Bc7 Bh6 30. Rf1 Be8 31. Bxb7 Rf7 32. Bd5 Rxd5 33. cxd5 Bxb5 34.
Be5 Bxf1 35. Rxf1 Ng3 36. Rf3 Ne4 37. Rd3 Rd7 38. Kg2 Bf8 39. a4 Kf7 40. Kf3
Bd6 0-1

[Event "?"]
[Site "?"]
[Date "2004.03.28"]
[Round "8.27"]
[White "Bensdorp, M."]
[Black "Levushkina, E."]
[Result "1/2-1/2"]
[WhiteElo "2161"]
[BlackElo "2303"]
[PlyCount "164"]
[EventDate "2004.??.??"]

1. d4 d5 2. c4 dxc4 3. Nf3 Nf6 4. e3 e6 5. Bxc4 a6 6. O-O b5 7. Bb3 c5 8. a4 b4
9. Nbd2 Bb7 10. e4 Be7 11. e5 Nfd7 12. Nc4 O-O 13. Bf4 cxd4 14. Nxd4 Nc5 15.
Nd6 Bxd6 16. exd6 Qf6 17. Bg3 e5 18. Nf3 Bxf3 19. gxf3 Nxb3 20. Qxb3 Qxd6 21.
Rad1 Qf6 22. Qxb4 Qxf3 23. Bxe5 Nc6 24. Qf4 Nxe5 25. Qxe5 Qg4+ 26. Qg3 Qxa4 27.
Rd3 Rab8 28. b3 Qb4 29. h3 Rb6 30. Kh2 Rg6 31. Qf3 Rf6 32. Qg3 Qb6 33. Re3 Rg6
34. Qf3 Qd6+ 35. Kh1 Rf6 36. Qg3 Qd2 37. Rg1 Rg6 38. Qf3 Rxg1+ 39. Kxg1 g6 40.
Qb7 Qd6 41. Rf3 Qe6 42. Re3 Qc8 43. Qe7 Qc1+ 44. Kg2 Qc6+ 45. Rf3 Qd5 46. Qf6
Rb8 47. Qc3 Rd8 48. Kh2 Qb7 49. Re3 Rc8 50. Qf6 Qc7+ 51. Kg1 Qc1+ 52. Kh2 Qc7+
53. Kg1 Qc6 54. Rf3 Qd5 55. Kg2 Rc6 56. Qb2 h5 57. b4 Rc4 58. Qb3 Qb5 59. Qd3
Qxb4 60. Qd5 Rf4 61. Qa8+ Kg7 62. Rxf4 Qxf4 63. Qxa6 Qe4+ 64. Kg1 Qe6 65. Qa1+
Kh6 66. Qc1+ g5 67. Qc3 Kg6 68. Qd3+ Qf5 69. Qd6+ f6 70. Qa3 h4 71. Qb3 Qd7 72.
Kg2 Kh6 73. Kg1 g4 74. Qe3+ Kh5 75. Qc5+ Kg6 76. Qc4 Qd1+ 77. Kh2 g3+ 78. fxg3
Qd2+ 79. Kg1 Qe1+ 80. Qf1 Qxg3+ 81. Kh1 Kg5 82. Qxf6+ Kxf6 1/2-1/2

[Event "?"]
[Site "?"]
[Date "2004.03.28"]
[Round "8.28"]
[White "Calzetta Ruiz, M."]
[Black "Hamelink, D."]
[Result "1-0"]
[WhiteElo "2291"]
[BlackElo "2185"]
[PlyCount "71"]
[EventDate "2004.??.??"]

1. e4 c5 2. Nc3 d6 3. f4 Nc6 4. Nf3 g6 5. Bc4 Bg7 6. O-O Nf6 7. d3 e6 8. Qe1
O-O 9. f5 d5 10. Bb3 d4 11. Ne2 exf5 12. Qh4 fxe4 13. Ng5 h6 14. Nxf7 Rxf7 15.
Bxh6 Ne5 16. Bxf7+ Nxf7 17. Bxg7 Kxg7 18. dxe4 Bd7 19. Qf2 Qe7 20. Ng3 Ng4 21.
Qf4 Ng5 22. Qc7 Rh8 23. h3 Ne3 24. Rf2 Qe6 25. Qxc5 Nxe4 26. Qxd4+ Nf6 27. Rxf6
Qxf6 28. Qxd7+ Kh6 29. Re1 Qg5 30. Kh2 Rf8 31. Qe6 Nxc2 32. Re4 Qf6 33. Qc4 Qc6
34. Qe2 Na1 35. Re6 Qc1 36. Qh5+ 1-0

[Event "?"]
[Site "?"]
[Date "2004.03.28"]
[Round "8.29"]
[White "Dragomirescu, A."]
[Black "Shmirina, E."]
[Result "0-1"]
[WhiteElo "2288"]
[BlackElo "2135"]
[PlyCount "110"]
[EventDate "2004.??.??"]

1. d4 e6 2. c4 f5 3. g3 Nf6 4. Bg2 d5 5. Nh3 c6 6. Qc2 Bd6 7. O-O O-O 8. Bf4
Be7 9. Nd2 Qe8 10. Nf3 Ng4 11. a3 Nd7 12. b4 a6 13. Be5 Ndxe5 14. Nxe5 Nxe5 15.
dxe5 Bd7 16. c5 Qb8 17. Qc3 Qc7 18. Nf4 Rfb8 19. Nd3 a5 20. Rfb1 Ra7 21. bxa5
Qxa5 22. Qd4 Rba8 23. Rb4 b5 24. e3 Qc7 25. a4 Ra5 26. Bf3 Qa7 27. Bd1 Bc8 28.
Rab1 bxa4 29. Bxa4 Bxc5 30. Nxc5 Rxc5 31. Kg2 Ba6 32. Rb6 Rc4 33. Qd1 Qc7 34.
Kg1 Bc8 35. Bc2 Qxe5 36. Bd3 Rc3 37. Qd2 d4 38. Bf1 Bd7 39. exd4 Qa5 40. Rb7
Rxg3+ 41. hxg3 Qxd2 42. Rxd7 h6 43. Rbb7 Qg5 44. Bc4 Re8 45. Rbc7 f4 46. Kg2
Qg6 47. Kh2 f3 48. Kg1 Kh8 49. Bf1 Ra8 50. Rf7 Ra1 51. Rxf3 Qb1 52. Kh2 Qxf1
53. g4 Qh1+ 54. Kg3 Rg1+ 55. Kf4 Qh2+ 0-1

[Event "?"]
[Site "?"]
[Date "2004.03.28"]
[Round "8.30"]
[White "Tsiganova, M."]
[Black "Makka, I."]
[Result "0-1"]
[WhiteElo "2269"]
[BlackElo "2205"]
[PlyCount "134"]
[EventDate "2004.??.??"]

1. d4 d5 2. Bf4 Nf6 3. e3 c6 4. Bd3 Bg4 5. Nf3 e6 6. Nbd2 Bd6 7. Bg3 Bxg3 8.
hxg3 Nbd7 9. c4 e5 10. cxd5 Nxd5 11. Qb3 exd4 12. exd4 Bxf3 13. Nxf3 Qb6 14.
O-O-O Qxb3 15. Rde1+ Kf8 16. axb3 g6 17. Ne5 Rd8 18. Bb1 Kg7 19. f4 Nc7 20. g4
Ne6 21. f5 Nxd4 22. Nxd7 Nxb3+ 23. Kc2 Nd4+ 24. Kc1 Rxd7 25. Rh3 a5 26. Bd3 b5
27. Rf1 Rd6 28. fxg6 fxg6 29. Re3 Re6 30. Rxe6 Nxe6 31. Re1 Re8 32. Bb1 Nc7 33.
Rd1 Nd5 34. Ba2 Re5 35. Rd4 Kf6 36. Kd2 Ke7 37. Bb1 c5 38. Rd3 Nf4 39. Ra3 a4
40. g3 Ne6 41. Bd3 c4 42. Be2 Nd4 43. Bd1 Nb3+ 44. Kc3 Kd6 45. Kb4 Kc6 46. Bxb3
cxb3 47. Ra1 Kb6 48. Rh1 Re4+ 49. Kc3 Rxg4 50. Rxh7 Rxg3+ 51. Kb4 Rg4+ 52. Ka3
Rg1 53. Rh8 Rf1 54. Rb8+ Kc6 55. Kb4 Rf5 56. Rc8+ Kb7 57. Rg8 Rg5 58. Rf8 Kc7
59. Rf6 Kd7 60. Ra6 Ke7 61. Ra7+ Kf6 62. Rb7 Re5 63. Kc3 Kg5 64. Kd4 Rf5 65.
Ke4 a3 66. Rd7 a2 67. Rd1 Rf2 0-1

[Event "?"]
[Site "?"]
[Date "2004.03.28"]
[Round "8.31"]
[White "Nill, J."]
[Black "Mammadova, N."]
[Result "1-0"]
[WhiteElo "2246"]
[BlackElo "2104"]
[PlyCount "127"]
[EventDate "2004.??.??"]

1. d4 Nf6 2. c4 g6 3. Nc3 Bg7 4. e4 d6 5. Nf3 O-O 6. Be2 e5 7. O-O Nc6 8. d5
Ne7 9. b4 a5 10. Ba3 b6 11. bxa5 Rxa5 12. Bb4 Ra8 13. a4 Nh5 14. Re1 Nf4 15.
Bf1 Bh6 16. a5 bxa5 17. Rxa5 Rb8 18. Ra4 f5 19. Nd2 fxe4 20. Ndxe4 Nf5 21. g3
Nd4 22. Nb5 Nf3+ 23. Kh1 Bg4 24. Ra3 Rf5 25. Rxf3 Bxf3+ 26. Qxf3 Nxd5 27. Qb3
Nxb4 28. Qxb4 c6 29. Bh3 Rf3 30. Qxd6 cxb5 31. Qxe5 Bg7 32. Qe6+ Kh8 33. cxb5
Rd3 34. Bf1 Rd4 35. Kg1 Rb6 36. Qf7 Rd7 37. Ng5 Rb8 38. Qe6 Qc7 39. b6 Qc3 40.
Re3 Qf6 41. Qxd7 Rf8 42. Nf3 Qxb6 43. Re8 Qf6 44. Rxf8+ Bxf8 45. Qd4 Kg7 46.
Kg2 Qxd4 47. Nxd4 Kf6 48. f4 Bc5 49. Nc2 h6 50. g4 h5 51. h3 hxg4 52. hxg4 Ke6
53. Bc4+ Kf6 54. Kf3 Ke7 55. Ne3 Ba7 56. Nd5+ Kf7 57. Ke4 Bb8 58. Nc3+ Kf6 59.
Ne2 Bc7 60. Nd4 Bb8 61. Nf3 Bc7 62. g5+ Kg7 63. Ne5 Bb8 64. Bb5 1-0

[Event "?"]
[Site "?"]
[Date "2004.03.28"]
[Round "8.32"]
[White "Lopatin, O."]
[Black "Radziewicz, I."]
[Result "0-1"]
[WhiteElo "2116"]
[BlackElo "2442"]
[PlyCount "90"]
[EventDate "2004.??.??"]

1. d4 c5 2. d5 d6 3. Nc3 a6 4. a4 e5 5. e4 g6 6. Be2 Bg7 7. Be3 Nf6 8. g4 h5 9.
g5 Nh7 10. h4 Nd7 11. Nf3 Rb8 12. Nd2 f6 13. Nc4 Nb6 14. Nxb6 Qxb6 15. Bxh5
gxh5 16. Qxh5+ Kf8 17. Qf3 Nxg5 18. hxg5 Rxh1+ 19. Qxh1 f5 20. O-O-O f4 21. Bd2
Qd8 22. Rg1 b5 23. Qf3 Bd7 24. axb5 axb5 25. g6 Ra8 26. Nb1 Ra1 27. c4 bxc4 28.
Qc3 Qh4 29. Qxc4 Qxf2 30. Rh1 Rxb1+ 31. Kxb1 Qxd2 32. Qa6 Qd4 33. Qxd6+ Ke8 34.
Qb8+ Ke7 35. Re1 Qd3+ 36. Ka1 Qa6+ 37. Kb1 Qxg6 38. Qg8 Qg4 39. Qb8 Kf7 40. Qd6
Bf6 41. Qxc5 Bh4 42. Rg1 Qe2 43. Qb4 f3 44. d6 Qd3+ 45. Ka2 f2 0-1

[Event "?"]
[Site "?"]
[Date "2004.03.28"]
[Round "8.33"]
[White "Vasiliev, O."]
[Black "Smokina, K."]
[Result "1/2-1/2"]
[WhiteElo "2156"]
[BlackElo "2278"]
[PlyCount "85"]
[EventDate "2004.??.??"]

1. e4 c5 2. Nf3 Nc6 3. d4 cxd4 4. Nxd4 e5 5. Nb5 d6 6. c4 Be7 7. N1c3 a6 8. Na3
Be6 9. Be2 Bg5 10. O-O Bxc1 11. Rxc1 Nge7 12. Nc2 O-O 13. Qd2 Qd7 14. Rfd1 Rad8
15. b4 Nc8 16. Nd5 f5 17. exf5 Bxf5 18. b5 N6e7 19. bxa6 bxa6 20. Qa5 Nc6 21.
Qxa6 Bxc2 22. Rxc2 Nd4 23. Rcd2 Qf7 24. f3 Rd7 25. Qa3 Ra7 26. Qe3 Ne7 27.
Nxe7+ Qxe7 28. Bd3 g6 29. Re1 Qh4 30. Be4 Ra3 31. Qf2 Qg5 32. h4 Qf4 33. Rd3
Rxd3 34. Bxd3 Ra8 35. Be4 Ra3 36. h5 Kg7 37. hxg6 hxg6 38. Bd5 Rc3 39. Qb2 Rc2
40. Qb7+ Kh6 41. Qc8 Ne2+ 42. Kf1 Ng3+ 43. Kg1 1/2-1/2

[Event "?"]
[Site "?"]
[Date "2004.03.28"]
[Round "8.34"]
[White "Partac, E."]
[Black "Jiretorn, E."]
[Result "1-0"]
[WhiteElo "2230"]
[BlackElo "2154"]
[PlyCount "115"]
[EventDate "2004.??.??"]

1. e4 c5 2. Nf3 d6 3. d4 cxd4 4. Qxd4 Nc6 5. Bb5 Bd7 6. Bxc6 Bxc6 7. Nc3 Nf6 8.
Bg5 e6 9. O-O-O Be7 10. Qd3 Qa5 11. h4 h6 12. Bd2 Ng4 13. Be1 Qb6 14. Nd4 Ne5
15. Qe2 Bd7 16. f4 Ng6 17. g3 a6 18. h5 Nf8 19. Bf2 Qa5 20. Nb3 Qc7 21. Rhe1
Bc6 22. Nd4 Nd7 23. Nd5 Bxd5 24. exd5 e5 25. Nf5 Bf6 26. Rd3 O-O 27. Kb1 Nc5
28. Bxc5 Qxc5 29. Qg4 Kh8 30. fxe5 dxe5 31. Qe4 Rfd8 32. Rf1 Rac8 33. Rdd1 Bg5
34. c3 f6 35. d6 Qb5 36. Qd5 Qxd5 37. Rxd5 Rd7 38. Kc2 Rcd8 39. c4 Kg8 40. b4
Kf7 41. g4 Ke6 42. Rfd1 Bf4 43. c5 e4 44. R5d4 Ke5 45. Re1 e3 46. Rd3 Ke4 47.
Nxe3 Bxe3 48. Rdxe3+ Kf4 49. Re4+ Kg5 50. Re7 Kxg4 51. Rxd7 Rxd7 52. Re7 Rd8
53. Rxb7 f5 54. Rxg7+ Kxh5 55. d7 f4 56. c6 f3 57. Rf7 Kg4 58. c7 1-0

[Event "?"]
[Site "?"]
[Date "2004.03.28"]
[Round "8.35"]
[White "Chilingirova, P."]
[Black "Czaeczine, A."]
[Result "0-1"]
[WhiteElo "2201"]
[BlackElo "2153"]
[PlyCount "136"]
[EventDate "2004.??.??"]

1. d4 d5 2. Nf3 Nf6 3. c4 c6 4. e3 a6 5. Nc3 b5 6. b3 Bg4 7. Be2 e6 8. O-O Be7
9. Bb2 O-O 10. Rc1 Nbd7 11. h3 Bh5 12. g4 Bg6 13. Nh4 b4 14. Nxg6 fxg6 15. Na4
Ne4 16. Bf3 Rxf3 17. Qxf3 Nd2 18. Qg2 Nxf1 19. Qxf1 Qc7 20. cxd5 exd5 21. Rc2
Bh4 22. Qg2 Qd6 23. Bc1 Re8 24. Nc5 Nxc5 25. Rxc5 Bd8 26. Qh2 Qd7 27. Rc2 Bc7
28. Qg2 Qd6 29. f4 Re4 30. Qf1 a5 31. Qa6 Re6 32. g5 Qd7 33. Qa8+ Qd8 34. Qxd8+
Bxd8 35. Kf2 Be7 36. Ke2 Kf7 37. Kd3 Ke8 38. h4 Kd7 39. Rh2 h6 40. Bd2 h5 41.
Be1 Bd6 42. a3 c5 43. Rc2 cxd4 44. Kxd4 Re4+ 45. Kd3 a4 46. bxa4 b3 47. Rb2
Rxa4 48. Bc3 Rxa3 49. Bxg7 Ke6 50. Kc3 Kf5 51. Rxb3 Rxb3+ 52. Kxb3 Bc5 53. Bd4
Bxd4 54. exd4 Kxf4 55. Kb4 Ke3 56. Kc5 Ke4 57. Kd6 Kxd4 58. Ke6 Ke4 59. Kf6 d4
60. Kxg6 d3 61. Kh7 d2 62. g6 d1=Q 63. g7 Qg4 64. g8=Q Qxg8+ 65. Kxg8 Kf4 66.
Kh7 Kg4 67. Kg6 Kxh4 68. Kf5 Kg3 0-1

[Event "?"]
[Site "?"]
[Date "2004.03.28"]
[Round "8.36"]
[White "Mietzner, T."]
[Black "Vogel, H."]
[Result "1-0"]
[WhiteElo "2201"]
[BlackElo "2152"]
[PlyCount "115"]
[EventDate "2004.??.??"]

1. e4 d5 2. exd5 Nf6 3. d4 Nxd5 4. c4 Nb6 5. Nf3 Bg4 6. Be2 e6 7. O-O Nc6 8. b3
Be7 9. Bb2 O-O 10. Nbd2 f5 11. h3 Bh5 12. Qc2 Bf6 13. Rad1 Qe7 14. Rfe1 Rad8
15. d5 exd5 16. Bd3 Qc5 17. Bxf5 Bxb2 18. Be6+ Kh8 19. Qxb2 Nb4 20. Qe5 Bxf3
21. Nxf3 Nd7 22. Qg5 Nf6 23. a3 Nc6 24. cxd5 Ne7 25. b4 Qb6 26. Rd2 h6 27. Qe5
Qd6 28. Qxd6 Rxd6 29. Ne5 Kh7 30. Nc4 Rdd8 31. d6 cxd6 32. Rxd6 Rxd6 33. Nxd6
b6 34. Nb5 a6 35. Nc3 Rd8 36. Bc4 Rc8 37. Bd3+ Ng6 38. Na4 b5 39. Nc5 a5 40.
Ne6 axb4 41. axb4 Re8 42. Bxb5 Re7 43. Bd3 Nd5 44. Bxg6+ Kxg6 45. Nf4+ Kf7 46.
Rxe7+ Nxe7 47. Kf1 g5 48. Nd3 Ke6 49. Ke2 Nd5 50. Kf3 h5 51. Ke4 Nc7 52. Nc5+
Kf6 53. Nd7+ Ke6 54. Nc5+ Kf6 55. Nb3 Ke6 56. Nd4+ Kd6 57. Kf5 Kd5 58. Nf3 1-0

[Event "?"]
[Site "?"]
[Date "2004.03.28"]
[Round "8.37"]
[White "Muhren, B."]
[Black "Andersson, C."]
[Result "1-0"]
[WhiteElo "2135"]
[BlackElo "2196"]
[PlyCount "145"]
[EventDate "2004.??.??"]

1. e4 e6 2. d4 d5 3. Nc3 Bb4 4. e5 c5 5. a3 Bxc3+ 6. bxc3 Ne7 7. Qg4 Nbc6 8.
Qxg7 Rg8 9. Qxh7 cxd4 10. cxd4 Nxd4 11. Qd3 Nec6 12. f4 Nf5 13. Nf3 Qb6 14. c3
Bd7 15. Rb1 Qc7 16. Qd2 O-O-O 17. Bd3 Nce7 18. O-O Rg4 19. Rf2 Rdg8 20. Qb2 Bc6
21. Nd4 Nh4 22. Bf1 Nef5 23. Qb3 Nxd4 24. cxd4 Qe7 25. Qb4 Qc7 26. a4 a5 27.
Qb3 Nf5 28. Bb2 Qe7 29. Qb6 Qc7 30. Qb3 Nh4 31. Rc1 Kd8 32. Ba3 Nf5 33. Bc5 Qd7
34. Bb6+ Ke8 35. Bxa5 Bxa4 36. Qb6 Kf8 37. Rc7 Qe8 38. Qxb7 Kg7 39. Qb2 Qb8 40.
Rb7 Qa8 41. Bc3 Rc8 42. Rb4 Qc6 43. Bd2 Bc2 44. Rf3 Be4 45. Rc3 Qe8 46. Rxc8
Qxc8 47. Rb8 Qc7 48. Rb3 Qa7 49. Rh3 Qxd4+ 50. Qxd4 Nxd4 51. Kf2 Rg6 52. Rg3
Rxg3 53. Kxg3 Bc2 54. Kf2 Nb3 55. Bb4 d4 56. Bc4 Na1 57. Bc5 Nb3 58. Bxb3 Bxb3
59. Bxd4 Kg6 60. g4 Bd1 61. Kg3 Be2 62. h4 Bd1 63. h5+ Kh7 64. Kh4 Kh6 65. Bc5
Kg7 66. Kg5 Be2 67. f5 Bd1 68. fxe6 fxe6 69. Kh4 Kh7 70. g5 Kg7 71. g6 Bc2 72.
Kg5 Bd3 73. Be7 1-0

[Event "?"]
[Site "?"]
[Date "2004.03.28"]
[Round "8.38"]
[White "Aginian, N."]
[Black "Dimovski, A."]
[Result "1-0"]
[WhiteElo "2189"]
[BlackElo "2111"]
[PlyCount "107"]
[EventDate "2004.??.??"]

1. e4 e5 2. Nf3 Nc6 3. Bb5 f5 4. d3 fxe4 5. dxe4 Nf6 6. O-O Bc5 7. Bxc6 bxc6 8.
Nxe5 O-O 9. Bg5 Ba6 10. Nd3 Qe7 11. Nd2 Bd4 12. Nf3 Qxe4 13. Re1 Qf5 14. Nb4
Bxf2+ 15. Kxf2 Qc5+ 16. Qd4 Qxd4+ 17. Nxd4 Nd5+ 18. Kg3 Nxb4 19. Be7 Rfb8 20.
b3 Nd5 21. c4 Nb6 22. h4 Re8 23. h5 Nc8 24. Ba3 Nb6 25. Nf5 d5 26. Ne7+ Kf7 27.
Rf1+ Ke6 28. Rae1+ Kd7 29. Rf7 Rad8 30. Nxd5+ Kc8 31. Rxe8 Rxe8 32. Nxc7 Re3+
33. Kf2 Re5 34. Nxa6 Ra5 35. Rf8+ Kd7 36. Nb8+ Ke6 37. Bc1 Rxa2+ 38. Kg3 Rc2
39. Bg5 Rc3+ 40. Rf3 Rc2 41. Nxc6 Ra2 42. Be3 Nc8 43. Bc5 a5 44. Rf8 Nd6 45.
Nd4+ Kd7 46. Bxd6 Kxd6 47. Rf7 Rd2 48. Nf3 Rd3 49. Rxg7 Rxb3 50. Rxh7 Kc5 51.
Ra7 Kb6 52. Ra8 Rc3 53. h6 Kb7 54. h7 1-0

[Event "?"]
[Site "?"]
[Date "2004.03.28"]
[Round "8.39"]
[White "Lauterbach, I."]
[Black "Topel, Z."]
[Result "0-1"]
[WhiteElo "2171"]
[BlackElo "2056"]
[PlyCount "124"]
[EventDate "2004.??.??"]

1. Nf3 Nf6 2. g3 g6 3. Bg2 Bg7 4. d3 O-O 5. e4 d6 6. O-O c5 7. Nbd2 Nc6 8. c3
e5 9. Re1 Bg4 10. h3 Be6 11. Ng5 Bd7 12. Nc4 h6 13. Nf3 Be6 14. a4 b6 15. Nfd2
d5 16. exd5 Bxd5 17. Bf1 Qc7 18. Ne3 Be6 19. Ndc4 Rad8 20. Qf3 Nd5 21. Ng4 Kh7
22. Qe2 f6 23. Bd2 Bf5 24. Nh2 Rfe8 25. g4 Bc8 26. Rad1 Bb7 27. h4 Nce7 28. h5
Qc6 29. f3 Nc7 30. Qe4 Ne6 31. Qxc6 Bxc6 32. Be3 Nd5 33. hxg6+ Kxg6 34. Bf2
Ndf4 35. a5 Ng5 36. axb6 axb6 37. Nxb6 Nxf3+ 38. Nxf3 Bxf3 39. Rd2 Bf8 40. Ra1
Bxg4 41. Be3 Nd5 42. Nxd5 Rxd5 43. Ra5 Red8 44. Bg2 R5d7 45. Bxc5 Bxc5+ 46.
Rxc5 Bf5 47. Bf1 Bxd3 48. Bh3 Rd6 49. Rg2+ Kh5 50. Rc7 Be4 51. Rh2 Rd1+ 52.
Bf1+ Kg6 53. Rf2 Rb1 54. Kh2 Rdd1 55. Bg2 Bxg2 56. Rxg2+ Kh5 57. Rcg7 f5 58.
Kg3 Rd3+ 59. Kh2 Kh4 60. Rf2 f4 61. Re2 Rh3+ 62. Kg2 f3+ 0-1

[Event "?"]
[Site "?"]
[Date "2004.03.28"]
[Round "8.40"]
[White "Shmirina, G."]
[Black "Melnikova, Y."]
[Result "0-1"]
[WhiteElo "2120"]
[BlackElo "2171"]
[PlyCount "90"]
[EventDate "2004.??.??"]

1. d4 f5 2. c4 Nf6 3. Nc3 g6 4. g3 Bg7 5. Bg2 d6 6. Nf3 O-O 7. O-O Nc6 8. d5
Ne5 9. Nxe5 dxe5 10. e4 e6 11. Qb3 Kh8 12. Rd1 Qe7 13. Bg5 h6 14. Bxf6 Bxf6 15.
dxe6 c6 16. Qc2 Bxe6 17. b3 f4 18. Rd3 g5 19. Qd2 h5 20. Rd1 Qf7 21. c5 Be7 22.
Na4 Qg7 23. Qc2 g4 24. Bf1 h4 25. R3d2 Qg5 26. Rd3 Rf7 27. Rc3 Raf8 28. Bc4
Bxc4 29. bxc4 hxg3 30. fxg3 fxg3 31. Rxg3 Rf3 32. Rxf3 gxf3+ 33. Kh1 f2 34. Qe2
Qf4 35. Rf1 Qf3+ 36. Qxf3 Rxf3 37. Kg2 Ra3 38. Nb2 Bxc5 39. Rd1 Bd4 40. Nd3
Rxa2 41. Kf1 a5 42. h4 a4 43. Nb4 Rb2 44. Nd3 Rc2 45. c5 a3 0-1

[Event "?"]
[Site "?"]
[Date "2004.03.28"]
[Round "8.41"]
[White "Apanaviciute, K."]
[Black "Krivec, J."]
[Result "0-1"]
[WhiteElo "2041"]
[BlackElo "2301"]
[PlyCount "156"]
[EventDate "2004.??.??"]

1. e4 e5 2. Nf3 Nc6 3. Bc4 Be7 4. O-O Nf6 5. Nc3 O-O 6. d4 d6 7. h3 h6 8. Re1
Nh7 9. Nd5 Bg5 10. c3 Bxc1 11. Rxc1 Re8 12. b4 Nb8 13. Qb3 c6 14. Ne3 Qf6 15.
dxe5 dxe5 16. Rcd1 Nf8 17. Rd2 Ng6 18. Qd1 Nf4 19. Rd6 Qe7 20. Nf5 Qf8 21. N3h4
Kh7 22. Kh2 g6 23. Rf6 Be6 24. Bxe6 Rxe6 25. Rxe6 Nxe6 26. Nd6 a5 27. Nf3 f6
28. a3 axb4 29. axb4 Qe7 30. Nc4 b5 31. Ne3 Nd7 32. Qd2 Nb6 33. Rd1 Rd8 34. Qc2
Rxd1 35. Qxd1 Qd8 36. Qb3 Qd6 37. Qa3 Na4 38. c4 Nd4 39. cxb5 cxb5 40. Nd5 f5
41. Nd2 Kg7 42. f3 Qc6 43. Qa2 Qc1 44. Ne3 f4 45. Nef1 Qc6 46. Qd5 Qc7 47. Qa2
Qe7 48. Qd5 Nc3 49. Qc5 Qxc5 50. bxc5 Na4 51. c6 Nxc6 52. Nb3 Nd4 53. Nfd2 Nxb3
54. Nxb3 Kf6 55. g3 g5 56. h4 Kg6 57. hxg5 Kxg5 58. g4 h5 59. gxh5 Kxh5 60. Kh3
b4 61. Nd2 Nc5 62. Nc4 Nd3 63. Nd2 Nc5 64. Nc4 b3 65. Nb2 Kg5 66. Kg2 Kh4 67.
Kh2 Ne6 68. Kg2 Nd4 69. Nc4 Kg5 70. Kf2 Kf6 71. Kg2 Ke6 72. Kf2 Ke7 73. Kg2 Kd8
74. Kf2 Kc7 75. Kg2 Kb7 76. Kh3 Ka6 77. Kg4 Kb5 78. Nb2 Kb4 0-1

[Event "?"]
[Site "?"]
[Date "2004.03.28"]
[Round "8.42"]
[White "Mamedjarova, T."]
[Black "Cinar, N."]
[Result "1/2-1/2"]
[WhiteElo "2229"]
[BlackElo "2092"]
[PlyCount "44"]
[EventDate "2004.??.??"]

1. d4 Nf6 2. Nf3 c5 3. d5 g6 4. c4 b5 5. cxb5 a6 6. bxa6 Bg7 7. g3 Bxa6 8. Bg2
O-O 9. O-O d6 10. Nc3 Nbd7 11. Re1 Qa5 12. e4 Ng4 13. h3 Nge5 14. Nxe5 Nxe5 15.
Bf1 Rfb8 16. Re3 Bxf1 17. Qxf1 Rb4 18. Qe2 Nc4 19. Rf3 Rab8 20. a3 Ne5 21. Re3
Rb3 22. Nd1 c4 1/2-1/2

[Event "?"]
[Site "?"]
[Date "2004.03.28"]
[Round "8.43"]
[White "Bakalarz, G."]
[Black "Yildiz, B."]
[Result "0-1"]
[WhiteElo "2082"]
[BlackElo "2118"]
[PlyCount "104"]
[EventDate "2004.??.??"]

1. d4 Nf6 2. Nf3 e6 3. Bg5 c5 4. c3 Be7 5. Nbd2 cxd4 6. cxd4 d5 7. e3 O-O 8.
Bd3 Nc6 9. O-O h6 10. Bh4 Qb6 11. Qb3 Nb4 12. Bb1 a5 13. a3 a4 14. Qc3 Nc6 15.
Ne5 Re8 16. Rc1 Nd7 17. Nxc6 Bxh4 18. Nb4 Be7 19. Nd3 Nf6 20. Ne5 Bd7 21. Nxd7
Nxd7 22. Nf3 Rac8 23. Qxc8 Rxc8 24. Rxc8+ Bf8 25. Rc2 Qa5 26. Ba2 b5 27. Rac1
Nb6 28. Ne5 Nc4 29. Bxc4 bxc4 30. e4 Bd6 31. exd5 exd5 32. Re2 Qb5 33. g3 c3
34. Re3 Bxe5 35. dxe5 d4 36. Rcxc3 dxe3 37. Rxe3 Qxb2 38. Kg2 Kf8 39. g4 Ke7
40. Kg3 g5 41. h3 Ke6 42. Kf3 Qd2 43. Kg3 Qd5 44. f4 gxf4+ 45. Kxf4 Qd4+ 46.
Kf3 Qd1+ 47. Kf4 Qc1 48. Ke4 Qc7 49. Kf3 Kd5 50. Re4 Qc1 51. Re3 Kd4 52. Re4+
Kd3 0-1

[Event "?"]
[Site "?"]
[Date "2004.03.28"]
[Round "8.44"]
[White "Horn, E."]
[Black "Fuchs, A."]
[Result "0-1"]
[WhiteElo "2051"]
[BlackElo "2099"]
[PlyCount "88"]
[EventDate "2004.??.??"]

1. e4 c5 2. Nf3 d6 3. d4 cxd4 4. Qxd4 a6 5. Bg5 Nc6 6. Qd2 h6 7. Bh4 g5 8. Bg3
Bg7 9. c3 Nf6 10. Bd3 Nh5 11. Na3 Be6 12. Nc2 Qd7 13. Nfd4 Ne5 14. Nxe6 Nxd3+
15. Qxd3 Qxe6 16. Nd4 Bxd4 17. Qxd4 O-O 18. O-O Rac8 19. Rfe1 Rc5 20. f3 Nxg3
21. hxg3 Rfc8 22. g4 Rb5 23. b3 Rbc5 24. c4 b5 25. cxb5 axb5 26. Rad1 R8c7 27.
Rd2 Qc8 28. Red1 Qa6 29. Qd3 Rc3 30. Qe2 R7c5 31. Kh2 Qc6 32. Rd5 Rc2 33. R1d2
Rc1 34. Rd1 Rxd1 35. Rxc5 dxc5 36. Qxd1 c4 37. bxc4 bxc4 38. Qd8+ Kg7 39. Qxe7
c3 40. Qe5+ Kh7 41. Qe7 Qc4 42. f4 c2 43. fxg5 c1=Q 44. g6+ Kxg6 0-1

[Event "?"]
[Site "?"]
[Date "2004.03.28"]
[Round "8.45"]
[White "Skibbe, D."]
[Black "Ozturk, K."]
[Result "0-1"]
[WhiteElo "2094"]
[BlackElo "1957"]
[PlyCount "130"]
[EventDate "2004.??.??"]

1. e4 e5 2. Nf3 Nc6 3. Bb5 a6 4. Ba4 Nf6 5. O-O d6 6. Re1 Bg4 7. c3 Be7 8. d3
O-O 9. Nbd2 Nd7 10. h3 Bh5 11. Nf1 Nc5 12. Bc2 Ne6 13. Ng3 Bxf3 14. Qxf3 Bg5
15. Bxg5 Qxg5 16. Qg4 Qxg4 17. hxg4 g6 18. Nf1 Kg7 19. Ne3 Ne7 20. g3 Rad8 21.
Rad1 c6 22. d4 exd4 23. cxd4 d5 24. e5 f6 25. exf6+ Kxf6 26. f4 Rde8 27. g5+
Kg7 28. Ng4 Ng8 29. Ne5 Nc7 30. a4 Re7 31. Kg2 Rfe8 32. Rh1 Ne6 33. Rh4 Nf8 34.
Rdh1 a5 35. f5 Rxe5 36. dxe5 Rxe5 37. Kf3 gxf5 38. Kf4 Ng6+ 39. Kf3 Nxh4+ 40.
gxh4 Ne7 41. Rh2 Kf7 42. h5 Re1 43. Bd3 Rg1 44. Kf4 Rg4+ 45. Ke5 Rxg5 46. Kd6
Rg3 47. Bc2 Re3 48. Kc5 h6 49. Kb6 Ke6 50. Kxb7 f4 51. Bd1 Re5 52. Rd2 Kd6 53.
Kb6 Nf5 54. Kxa5 Ne3 55. Ka6 Nxd1 56. Rxd1 f3 57. Rf1 Rf5 58. a5 d4 59. Rf2 Kc7
60. b4 d3 61. Ka7 d2 62. Rxd2 f2 63. b5 Rxb5 64. Ka6 f1=Q 65. Rf2 Rb6+ 0-1

[Event "?"]
[Site "?"]
[Date "2004.03.28"]
[Round "8.46"]
[White "Meissner, C."]
[Black "Winnicki, A."]
[Result "1-0"]
[WhiteElo "2146"]
[BlackElo "2013"]
[PlyCount "61"]
[EventDate "2004.??.??"]

1. d4 d5 2. Nf3 Bg4 3. g3 f6 4. Bg2 Qd7 5. O-O Bh3 6. Re1 Bxg2 7. Kxg2 Nc6 8.
e4 dxe4 9. Rxe4 O-O-O 10. c4 g5 11. d5 e6 12. Nc3 exd5 13. cxd5 Nb4 14. a3 Nxd5
15. Nxd5 g4 16. Nb6+ axb6 17. Qxd7+ Rxd7 18. Rxg4 Rd1 19. Rd4 Rxd4 20. Nxd4 Bd6
21. Nf5 Bf8 22. Bf4 Ne7 23. Ne3 Bg7 24. Rc1 c6 25. Bd6 Ng6 26. Nc4 b5 27. Nb6+
Kd8 28. Rd1 Ke8 29. Bc7 Ne7 30. Rd7 f5 31. Bd6 1-0

[Event "?"]
[Site "?"]
[Date "2004.03.28"]
[Round "8.47"]
[White "Roelli, C."]
[Black "Roessler, U."]
[Result "0-1"]
[WhiteElo "2020"]
[BlackElo "2221"]
[PlyCount "38"]
[EventDate "2004.??.??"]

1. d4 f5 2. c4 Nf6 3. Nc3 e6 4. Nf3 d5 5. e3 c6 6. Bd3 Bd6 7. O-O O-O 8. Qc2
Nbd7 9. Ng5 Ng4 10. f4 Ndf6 11. b3 Bd7 12. cxd5 Nxd5 13. e4 Nde3 14. Bxe3 Nxe3
15. Qe2 Nxf1 16. exf5 Bxf4 17. Nxh7 Rxf5 18. Bxf5 exf5 19. Rxf1 Bh6 0-1